00368nam a2200109Ia 4500008004100000100002600041245003400067260006900101300001100170650000900181856006800190160712s9999 xx 000 0 und d aSamar, Edgar Calabia. cEdgar Calabia SamaraMga Tula c2012bLikhaan: The Journal of Contemporary Philippine Literature avol. 6 xTULA uhttp://journals.upd.edu.ph/index.php/lik/issue/view/536/showToc